Staying put : (Record no. 18295)

000 -LEADER
fixed length control field 01328cam a2200325 a 4500
008 - FIXED-LENGTH DATA ELEMENTS--GENERAL INFORMATION
fixed length control field 161205b xxu||||| |||| 00| 0 eng d
010 ## - LIBRARY OF CONGRESS CONTROL NUMBER
LC control number 95051473
020 ## - INTERNATIONAL STANDARD BOOK NUMBER
International Standard Book Number 0895031337 (cloth : acidfree paper)
050 00 - LIBRARY OF CONGRESS CALL NUMBER
Classification number NA7195.A4S7 1997
245 00 - TITLE STATEMENT
Title Staying put :
Remainder of title adapting the places instead of the people /
Statement of responsibility, etc. edited by Susan Lanspery, Joan Hyde.
260 ## - PUBLICATION, DISTRIBUTION, ETC. (IMPRINT)
Place of publication, distribution, etc. Amityville, N.Y. :
Name of publisher, distributor, etc. Baywood Pub.,
Date of publication, distribution, etc. c1997.
300 ## - PHYSICAL DESCRIPTION
Extent x, 283 p. :
Other physical details ill. ;
Dimensions 24 cm.
440 #0 - SERIES STATEMENT/ADDED ENTRY--TITLE
Title Society and aging series
504 ## - BIBLIOGRAPHY, ETC. NOTE
Bibliography, etc Includes bibliographical references and index.
650 #0 - SUBJECT ADDED ENTRY--TOPICAL TERM
Topical term or geographic name as entry element Older people
General subdivision Dwellings
Geographic subdivision United States.
650 #0 - SUBJECT ADDED ENTRY--TOPICAL TERM
Topical term or geographic name as entry element Barrier-free design for older people
Geographic subdivision United States.
650 #0 - SUBJECT ADDED ENTRY--TOPICAL TERM
Topical term or geographic name as entry element Architecture
General subdivision Environmental aspects
Geographic subdivision United States.
700 1# - ADDED ENTRY--PERSONAL NAME
Personal name Lanspery, Susan.
700 1# - ADDED ENTRY--PERSONAL NAME
Personal name Hyde, Joan.
942 ## - ADDED ENTRY ELEMENTS (KOHA)
Source of classification or shelving scheme
Koha item type Hard Covered Materials
Holdings
Withdrawn status Lost status Source of classification or shelving scheme Damaged status Not for loan Home library Current library Shelving location Date acquired Source of acquisition Total Checkouts Full call number Barcode Date last seen Price effective from Koha item type
          MACHAKOS UNIVERSITY LIBRARY MACHAKOS UNIVERSITY LIBRARY Technical section 05/12/2016 Donation (BFA)   NA7195.A4S7 1997 28966 19/07/2018 05/12/2016 Hard Covered Materials
© Machakos University Library, Along The Highway, Machakos Wote Rd, Machakos, Kenya P.O. Box 136 - 90100 Machakos - Kenya

Tel: ( +254 ) 723 805829 OR Fax : 044-20353 OR Email: library@mksu.ac.ke